000 00717nam a2200229 i 4500
001 36981
003 ES-MaACL
005 20250929063106.0
007 t|
008 030219s1917 sz ||||1| fre d
100 1 _aBovet, Pierre,
_d1878-1965
_931126
245 1 2 _aL'instinct combatíf psychologic education /
_cPierre Bovet.
260 _aNeuchatel etc. :
_bDelachaux & Niestle,
_c[1917]
300 _a325 p. ;
_c19 cm.
490 1 _aActualites pedagogiques
650 0 7 _aPsicología de la educación
_2embne
_916558
650 0 4 _aAgresividad en niños.
_99669
830 0 _aActualites pedagogiques
_9229618
852 _aES-MaACL
_jD-3664
852 _aES-MaACL
_jF-4497
999 _c36981
_d36981